<?xml version="1.0" encoding="UTF-8"?>
<collection xmlns="http://www.loc.gov/MARC21/slim">
 <record>
  <leader>00467pamaa2200157   4500</leader>
  <controlfield tag="001">0000017786</controlfield>
  <controlfield tag="005">20051202090000.0</controlfield>
  <datafield tag="020" ind1="0" ind2="0">
   <subfield code="a">0674530209 </subfield>
  </datafield>
  <datafield tag="082" ind1=" " ind2=" ">
   <subfield code="a">320.51 LIB</subfield>
  </datafield>
  <datafield tag="090" ind1="0" ind2="0">
   <subfield code="a">JC571 </subfield>
   <subfield code="b">LIB</subfield>
  </datafield>
  <datafield tag="245" ind1="0" ind2="0">
   <subfield code="a">LIBERALISM and the moral life  </subfield>
   <subfield code="c">edited by Nancy L. Rosenblum.</subfield>
  </datafield>
  <datafield tag="260" ind1="0" ind2="0">
   <subfield code="a">Cambridge: </subfield>
   <subfield code="b">Harvard University Press, </subfield>
   <subfield code="c">1989.</subfield>
  </datafield>
  <datafield tag="300" ind1=" " ind2=" ">
   <subfield code="a">vi, 302p.: </subfield>
   <subfield code="b">24cm.</subfield>
  </datafield>
  <datafield tag="650" ind1="0" ind2="0">
   <subfield code="a">Social values </subfield>
  </datafield>
  <datafield tag="650" ind1="0" ind2="0">
   <subfield code="a">Liberalism -- </subfield>
   <subfield code="x">Moral and ethical aspects </subfield>
  </datafield>
  <datafield tag="700" ind1="1" ind2="1">
   <subfield code="a">Rosenblum, </subfield>
   <subfield code="h">Nancy L. </subfield>
  </datafield>
 </record>
</collection>
